Não imaginam o que eles me fizeram! (Registo nº 9114)

Detalhes MARC
000 -Etiqueta do registo
Valores 00604nam a22002171i 4500
010 ## - Número ISBN
ISBN 9789722325486
090 ## -
-- 9114
100 ## - Dados gerais de processamento
Dados gerais 20170304u u u0frey50 ba
101 0# - Língua de publicação
-- por
200 1# - Titulo e menção de responsabilidade
Primeira menção de responsabilidade Yvonne Coppard
Título próprio Não imaginam o que eles me fizeram!
210 ## - Publicação
Nome do editor Presença
Local de publicação Lisboa
Data de publicação 1999
215 ## - Descrição física 
Paginação / Volumes 164, [4] p.
Dimensões 20 cm
225 2# - Colecção 
Título próprio da colecção Clube das amigas
Indicação de volume 14
300 ## - Notas gerais 
Texto da nota Exemplar nÇ 0019561 é 3A ed. de 2001
606 ## - Nome comum usado como assunto
Palavra de ordem Literatura juvenil
ID Autoridade 335
675 ## - CDU
Notação 82-93
-- 2040
700 #1 - Autor principal (pessoa individual)
Apelido Coppard
Nome Yvonne
-- 070
702 #1 - Autor secundário (pessoa individual)
Apelido Andrade
Nome Andrea Noronha de
-- 730
801 ## - Fonte de origem
País PT
Regras de catalogação RPC
990 ## - Elementos KOHA
Tipo de documento Livro
Exemplares
Situação do levantamento Estado Biblioteca de origem Biblioteca de empréstimo Código de barras Cota Permissão de empréstimo Tipo de documento Nota relativa ao exemplar
  Completo Biblioteca Municipal de Viana Do Alentejo Biblioteca Municipal de Viana Do Alentejo 0013057 82-93 COP Disponível Livro 10-15 anos
  Completo Biblioteca Municipal de Viana Do Alentejo Biblioteca Municipal de Viana Do Alentejo Pólo Aguiar 0019964 82-93 COP Disponível Livro 10-15 anos




Powered by Koha